| 000 | 01028nam a2200277Ia 4500 | ||
|---|---|---|---|
| 001 | Para_10070 | ||
| 003 | CHAP | ||
| 008 | 220125sEner xx 000 0 und d | ||
| 010 | _a208757 | ||
| 040 | _cCHAP | ||
| 090 | _aPA CD - TESIS 151 | ||
| 100 |
_aBenítez López, Ismael _911645 |
||
| 245 |
_aIdentificación de ácaros fitofagos en el cultivo de papayo (Carica papaya L.) en Huimanguillo, Tabasco y Yeloixtlahuaca, Puebla / _c Ismael Benítez López; Director Ma. del Carmen Sánchez Gálvez |
||
| 260 |
_aChapingo, Méx. : _b el autor |
||
| 300 | _a1 CDS ROM (sn p.) | ||
| 502 | _aTesis (Ing. Agr. Esp. en Parasitología Agrícola). UACh. Departamento Parasitología Agrícola | ||
| 700 |
_aSánchez Gálvez, Ma. del Carmen. Director _9175073 |
||
| 710 |
_aUACh. Departamento Parasitología Agrícola _9164025 |
||
| 901 | _aPA CD - TESIS 151 | ||
| 902 | _aM | ||
| 905 | _a513220Enero, 2014 abnm8100000000 06 | ||
| 910 | _aEner | ||
| 942 | _cPARA | ||
| 942 |
_cPARA _d2 |
||
| 999 |
_c208757 _d208757 |
||